|
|
|
|
| LEADER |
00000naa0a2200000 4500 |
| 001 |
594668 |
| 005 |
20250212155814.0 |
| 035 |
|
|
|a (RuTPU)RU\TPU\tpu\11406
|
| 035 |
|
|
|a RU\TPU\tpu\11405
|
| 090 |
|
|
|a 594668
|
| 100 |
|
|
|a 20030911d1972 k y0rusy50 ca
|
| 101 |
0 |
|
|a rus
|
| 102 |
|
|
|a RU
|
| 200 |
1 |
|
|a О причинах снижения эффективности ударно-поворотного бурения составным буровым станом
|f В. Ф. Горбунов [и др.]
|
| 333 |
|
|
|a В фонде НТБ ТПУ отсутствует
|
| 463 |
|
|
|t Технический прогресс в машиностроении
|o доклады IV научно-технической конференции
|v С. 278-281
|d 1972
|
| 610 |
1 |
|
|a снижение эффективности
|
| 610 |
1 |
|
|a ударно-поворотное бурение
|
| 610 |
1 |
|
|a буровые ставы
|
| 610 |
1 |
|
|a труды учёных ТПУ
|
| 701 |
|
1 |
|a Горбунов
|b В. Ф.
|c российский ученый, специалист в области горной механики
|c профессор Томского политехнического университета
|f 1926-
|g Валерий Федорович
|3 (RuTPU)RU\TPU\pers\19777
|
| 701 |
|
1 |
|a Саруев
|b Л. А.
|c горный инженер
|c профессор Томского политехнического университета, доктор технических наук
|f 1940-
|g Лев Алексеевич
|3 (RuTPU)RU\TPU\pers\19862
|
| 701 |
|
1 |
|a Чирьев
|b В. И.
|
| 701 |
|
1 |
|a Кашкарров
|b Г. М.
|
| 701 |
|
1 |
|a Белов
|b А. И.
|
| 701 |
|
1 |
|a Сердечный
|b А. С.
|
| 701 |
|
1 |
|a Моржаков
|b А. В.
|
| 801 |
|
1 |
|a RU
|b 63413507
|c 20030910
|g PSBO
|
| 801 |
|
2 |
|a RU
|b 63413507
|c 20160607
|g PSBO
|
| 942 |
|
|
|c BK
|